Przewodniczący Rady Państwa - Statystyki

Ogólne statystyki
  • Ten quiz został rozwiązany 44 razy
  • Średni wynik to 4 z 7
Statystyki odpowiedzi
Przewodniczący Okres urzędownia Partia % Poprawnych
Bolesław Bierut 1947-1952 PPR/PZPR
96%
Wojciech Jaruzelski 1985-1989 PZPR
92%
Edward Ochab 1964-1968 PZPR
63%
Józef Cyrankiewicz 1970-1972 PZPR
63%
Henryk Jabłoński 1972-1985 PZPR
58%
Aleksander Zawadzki 1952-1964 PZPR
46%
Marian Spychalski 1968-1970 PZPR
29%
Nie znaleziono quizów pasujących do podanych kryteriów
Rozkład punktacji
Procent ludzi z każdym wynikiem
Percentyl według liczby udzielonych odpowiedzi
Twoja historia wyników
Nie rozwiązałeś tego quizu